| 000 | 00986nam a22003377a 4500 | ||
|---|---|---|---|
| 001 | BR7400742 | ||
| 003 | BR-BrBNA | ||
| 005 | 20230928095456.0 | ||
| 007 | ta | ||
| 008 | 230509b bl.||||| |||| 00| 0 por d | ||
| 040 |
_aBR-BrBNA _bpor _cBiblioteca Nacional de Agricultura |
||
| 041 | _a(Por) | ||
| 072 |
_aQ10 _b0150 |
||
| 090 | _ 0150 BR7400742 | ||
| 100 | 1 | _aPederneiras, H. | |
| 100 | 1 | _aGutheil, N.C. | |
| 100 | 1 | _aPonte Filho, F. | |
| 100 | 1 | _aMissio, E.A. | |
| 100 | 1 | _aVergo, G.P. | |
| 110 | 1 |
_aInstituto Tecnologico do Rio Grande do Sul, Porto Alegre (Brasil) _96591 |
|
| 245 | 1 | _aArroz polido, produto industrializado | |
| 260 | 3 |
_aPorto Alegre, RS (Brasil): _c1961. |
|
| 300 | _a31 p. | ||
| 500 | _a21 illus.; 24 ref.; Summaries (Ger, Eng, Por); serie nao considerada | ||
| 650 | _aTecnologia de Alimento | ||
| 650 | _aIndustrializacao | ||
| 650 | _aPreservacao de Alimento | ||
| 650 | _aArroz | ||
| 909 |
_a202309 _bLucia _c55 _dLucia Elande |
||
| 942 | _cBK | ||
| 999 |
_c56778 _d56778 |
||